Rheophysics. The deformation and flow of matter

Salvato in:
Dettagli Bibliografici
Autore principale: Oswald, Patrick
Natura: Sconosciuto
Pubblicazione: Cambridge, United Kingdom. Cambridge University Press, 2014
Edizione:First paperback edition
Soggetti:
Tags: Aggiungi Tag
Nessun Tag, puoi essere il primo ad aggiungerne!!

MARC

LEADER 00000 a2200000 4500
003 CL-VaPUC
005 20220921142317.0
008 210115t2014 ||||| |||| 00| 0 eng d
999 |c 432040  |d 432038 
020 |a 9781107439528 (paperback) 
040 |c Pontificia Universidad Católica de Valparaíso 
082 |a 531.1134 OSW 2014 
100 |a Oswald, Patrick   |9 857438 
245 |a Rheophysics.  |b The deformation and flow of matter 
250 |a First paperback edition  
260 |a Cambridge, United Kingdom.  |b Cambridge University Press,  |c 2014 
300 |a 642 páginas  
583 |k GC  |c 20210115 
650 |a Reología   |9 259723 
942 |2 ddc  |c BK 
952 |0 0  |1 0  |2 ddc  |4 0  |6 531_113400000000000_OSW_2014  |7 0  |8 A  |9 577512  |a BIBCUR  |b BIBCUR  |d 2021-01-14  |e 115  |g 64007.19  |i 558227K  |o 531.1134 OSW 2014  |p 558227K  |r 2025-04-22  |t 2  |v 64007.19  |w 2021-01-14  |y BK  |k FIS 
952 |0 0  |1 0  |2 ddc  |4 0  |6 531_113400000000000_OSW_2014  |7 0  |8 A  |9 577513  |a BIBCUR  |b BIBCUR  |d 2021-01-14  |e 115  |g 64007.19  |i 5582261  |o 531.1134 OSW 2014  |p 5582261  |r 2025-04-22  |t 1  |v 64007.19  |w 2021-01-14  |y BK  |k FIS